Ο Υμπή βασιλιάς

Αποθηκεύτηκε σε:
Λεπτομέρειες βιβλιογραφικής εγγραφής
Κύριος συγγραφέας: Jarry, Alfred 1873-1907
Άλλοι συγγραφείς: Μανιάτης, Σάκης (Μεταφραστής)
Μορφή: Βιβλίο
Γλώσσα:Greek
French
Δημοσίευση: Αθήνα : Κείμενα, 1971.
Θέματα:
Ετικέτες: Προσθήκη ετικέτας
Δεν υπάρχουν, Καταχωρήστε ετικέτα πρώτοι!

MARC

LEADER 00000cam a2200000 i 4500
001 1/50756
008 941103s1971 gr | ||| |||| ||gre||
035 |a 1992  |c ΔΩΡΕΑ  |l 10043960 
040 |a GR-MyUA  |b gre  |e AACR2 
041 1 |a gre  |h fre 
082 0 |a 842 
100 1 |a Jarry, Alfred  |d 1873-1907. 
245 1 2 |a Ο Υμπή βασιλιάς /   |c Αλφρέ Ζαρρύ ; μετάφραση Σάκη Μανιάτη.  
260 |a Αθήνα :   |b Κείμενα,   |c 1971.  
300 |a 82 σ. ;   |c 18 εκ.  
500 |a Τίτλος πρωτοτύπου: Ubu Roi 
650 0 0 |a French drama. 
700 1 |a Μανιάτης, Σάκης,  |e trl 
852 |a INST  |b SAMOS  |e 19941103  |h 842 JAR  |p 005300000552  |q 005300000552  |t BK  |y 0 
909 |a Σ  |b 023737